000 00314nam a22001337a 4500
008 181025b xxu||||| |||| 00| 0 eng d
020 _a9780397548316
041 _aeng
080 _24ED
_a610
100 _a4
101 _aSHM
245 _aA Manual Laboratory Diagnostic Tests
_cFrances.f
942 _2udc
_cBK
999 _c50939
_d50939